Vodíková ekonomika
Guardado en:
| Autor principal: | |
|---|---|
| Otros Autores: | |
| Formato: | Manuscrito Libro |
| Lenguaje: | eslovaco |
| Publicado: |
2016
|
| Materias: | |
| Acceso en línea: | http://is.stuba.sk/zp/portal_zp.pl?podrobnosti=111254 |
| Etiquetas: |
Sin Etiquetas, Sea el primero en etiquetar este registro!
|
MARC
| LEADER | 00000ntm a22000003a 4500 | ||
|---|---|---|---|
| 001 | stuzp58316 | ||
| 003 | SK-STU | ||
| 005 | 20160719155527.2 | ||
| 007 | ta | ||
| 008 | 150427s2015----xo-----f-mn---000-0-slo-d | ||
| 040 | |a STU |b slo | ||
| 041 | 0 | |a slo | |
| 100 | 1 | |a Kimlička, Jakub |u 042120 |4 aut |U FCHPT Ústav anorganickej chémie, technológie a materiálov |T FCHPT Oddelenie anorganickej technológie |X 65117 |U C2120 |Y 111 |7 65117 | |
| 242 | 0 | 1 | |a Hydrogen economy |y eng |
| 245 | 1 | 0 | |a Vodíková ekonomika |
| 260 | |c 2016 | ||
| 650 | 4 | |a Vodík |2 slo | |
| 650 | 4 | |a Elektrolýza vody |2 slo | |
| 650 | 4 | |a Alkalická elektrolýza |2 slo | |
| 650 | 4 | |a PEM |2 slo | |
| 650 | 4 | |a SOEC |2 slo | |
| 650 | 4 | |a Alkaline electrolysis |2 eng | |
| 650 | 4 | |a PEM |2 eng | |
| 650 | 4 | |a SOEC |2 eng | |
| 650 | 4 | |a Hydrogen |2 eng | |
| 650 | 4 | |a Water electrolysis |2 eng | |
| 700 | 1 | |a Híveš, Ján |u 042000 |k Z1 |4 ths |U FCHPT Fakulta chemickej a potravinárskej technológie |T FCHPT Ústav anorganickej chémie, technológie a materiálov |X 3380 |U C2000 |Y 1 |7 A000003380 | |
| 856 | 4 | |u http://is.stuba.sk/zp/portal_zp.pl?podrobnosti=111254 | |
| SQL | |a stuzp58316 |b DBP |c SLO |d Vodíková ekonomika |e 65117 |f Kimlička, Jakub |g 042120 |h 3380 |i Híveš, Ján |j 20160711 |k 753 |l 04 |m http://is.stuba.sk/zp/portal_zp.pl?podrobnosti=111254 |n B-CHEMAT |o 4.1.14. chémia, 5.2.18. chemické technológie | ||